| 000 | 00841nam a22002657a 4500 | ||
|---|---|---|---|
| 005 | 20220329141301.0 | ||
| 008 | 971010s1990 r 00010 d | ||
| 010 | _a65749 | ||
| 011 | _a66721 | ||
| 035 | _a75517 | ||
| 082 |
_a636.0896 _bB52 |
||
| 100 | 0 | 0 |
_aBiberstein, Ernst L. _912191 |
| 245 | _aReview of veterinary microbiology | ||
| 260 |
_aBoston : _bBlackwell Scientific, _c1990 |
||
| 300 |
_a612 p. _b: ilus. ; Láms. |
||
| 500 | _a1992-265 | ||
| 590 |
_aBATCH-UPD _b10 _c20130110 _lUCH01 _h1559 |
||
| 590 |
_aBATCH-UPD _b10 _c20130410 _lUCH01 _h0956 |
||
| 590 |
_aBATCH-UPD _b10 _c20130914 _lUCH01 _h1817 |
||
| 590 |
_aCONVERSION _b10 _c20130109 _lUCH01 _h1336 |
||
| 650 | 1 | 4 |
_aMicrobiologĂa veterinaria. _975500 |
| 700 | 0 |
_aZee, Yuan Chung. _9123854 |
|
| 901 | _aBK | ||
| 949 |
_a636.0896 B52 _bZA _cLIBRO _d-8460 _eLIBRO _h6051 _i75517 _si |
||
| 999 |
_c65749 _d65749 |
||